000 00295nam a22001337a 4500
008 170830b xxu||||| |||| 00| 0 eng d
020 _a9780199859931
041 _aeng
080 _23 ED
_a070
100 _a39
101 _aMED
245 _aCONVERNING MEDIA
_cPAVLIK.J.V
942 _2udc
_cBK
999 _c25556
_d25556